NLSUI OPAC header image

Telecommunications service : Negotiating structural and technological change (Record no. 12231)

MARC details
000 -LEADER
fixed length control field 00510nam a2200157Ia 4500
008 - FIXED-LENGTH DATA ELEMENTS--GENERAL INFORMATION
fixed length control field 160316s1993 xxu||||| |||| 00| 0 eng d
082 ## - DEWEY DECIMAL CLASSIFICATION NUMBER
Classification number 344.010000
Item number BOL
100 ## - MAIN ENTRY--PERSONAL NAME
Personal name Bolton Brain
245 ## - TITLE STATEMENT
Title Telecommunications service : Negotiating structural and technological change
250 ## - EDITION STATEMENT
Edition statement
260 ## - PUBLICATION, DISTRIBUTION, ETC.
Place of publication, distribution, etc. Geneva
Name of publisher, distributor, etc. International Labour Organisation
Date of publication, distribution, etc. 1993
300 ## - PHYSICAL DESCRIPTION
Extent 143p
Other physical details
Dimensions
365 ## - TRADE PRICE
Price amount Rs.438/75
650 ## - SUBJECT ADDED ENTRY--TOPICAL TERM
Topical term or geographic name entry element 1.Telecommunication Sector - Labour Relations - Employment Issues
700 ## - ADDED ENTRY--PERSONAL NAME
Personal name Davis Edward M
--
Holdings
Withdrawn status Lost status Damaged status Not for loan Home library Current library Shelving location Date acquired Cost, normal purchase price Total Checkouts Full call number Barcode Date last seen Price effective from Koha item type
        . .   30.05.2017 43875.00   344.01 BOL 12535 30.05.2017 30.05.2017 BOOKs